[Event "World Rapid Women 2018"]
[Site "St Petersburg RUS"]
[Date "2018.12.26"]
[Round "3.62"]
[White "Chernyak, Viktoria"]
[Black "Kirchei, Viktoriia"]
[Result "1-0"]
[WhiteTitle "WFM"]
[WhiteElo "2186"]
[BlackElo "1972"]
[WhiteFideId "24165956"]
[BlackFideId "34133396"]
[EventDate "2018.12.26"]

1. d4 d5 2. Nf3 c6 3. e3 Nf6 4. c4 Bf5 5. b3 e6 6. Be2 Bb4+ 7. Nfd2 Bxb1 8. Rxb1
Ne4 9. Qc2 Qh4 10. O-O Nc3 11. Nf3 Qe4 12. Bd3 Qg4 13. a3 Ba5 14. b4 Nxb1 15.
bxa5 dxc4 16. Qxc4 O-O 17. Bxb1 Qh5 18. Qb4 Na6 19. Qxb7 Rab8 20. Bxh7+ Kxh7 21.
Qxa6 Rb5 22. Bd2 Qd5 23. Rc1 Rb2 24. h3 Qa2 25. Qd3+ g6 26. Rxc6 Rfb8 27. Rc7
R8b7 28. Rxb7 Rxb7 29. Bb4 Rc7 30. Bc5 Rb7 31. Qe4 Qb1+ 32. Qxb1 Rxb1+ 33. Kh2
a6 34. Ne5 Kg7 35. Nc6 Rb3 36. Bb4 Rb2 37. Kg3 f5 38. Nb8 g5 39. Nxa6 f4+ 40.
Kf3 fxe3 41. fxe3 Kf6 42. Nc5 e5 43. dxe5+ Kxe5 1-0

[Event "World Rapid Women 2018"]
[Site "St Petersburg RUS"]
[Date "2018.12.26"]
[Round "4.1"]
[White "Gunina, Valentina"]
[Black "Ju, Wenjun"]
[Result "0-1"]
[WhiteTitle "GM"]
[BlackTitle "GM"]
[WhiteElo "2496"]
[BlackElo "2575"]
[WhiteFideId "4167570"]
[BlackFideId "8603006"]
[EventDate "2018.12.26"]

1. d4 Nf6 2. c4 e6 3. Nf3 d5 4. g3 dxc4 5. Bg2 c5 6. O-O Nc6 7. dxc5 Qxd1 8.
Rxd1 Bxc5 9. Nbd2 c3 10. bxc3 O-O 11. Nb3 Be7 12. c4 Bd7 13. Bb2 Rfd8 14. Nfd4
Rac8 15. Nb5 b6 16. Rac1 a5 17. a4 Be8 18. Bf3 Rxd1+ 19. Rxd1 Nb4 20. Bd4 Nd7
21. Rc1 Nc6 22. e3 f6 23. Bb2 Kf7 24. N3d4 Nce5 25. Be2 Nc5 26. Ra1 Ncd3 27. Bc3
Nb4 28. Be1 Bd7 29. Rd1 Ke8 30. Na7 Rc5 31. Nb3 Bxa4 32. Nxc5 Bxd1 33. Bxd1 Bxc5
34. Ba4+ Kf7 35. Bb3 Nbd3 36. Bc3 Nc1 37. Bd1 Nxc4 38. Nb5 Nd6 39. Nc7 Ne4 40.
Ba1 Nd3 41. Bb3 Ndxf2 42. Nxe6 Bxe3 43. Kg2 Ke7 44. Nxg7 Nd6 45. Kf3 Bc5 46. Bc2
h6 47. Bc3 Kf7 48. Nh5 f5 49. Bd2 Ng4 50. h3 Ne5+ 51. Ke2 Nc6 52. Bb3+ Kg6 53.
Nf4+ Kh7 54. Kd3 Ne4 55. Bc1 Nxg3 56. Kc4 Ne4 57. Ne6 Ne5+ 58. Kb5 Nd3 59. Bf4
Nxf4 60. Nxf4 Kg7 61. h4 Kf6 62. Nd3 Be3 63. Bc2 f4 64. Ne1 Nd2 65. Bd1 Ke5 66.
h5 Kf5 67. Bc2+ Kg5 68. Bd1 Kh4 69. Nc2 Kg3 70. Ne1 f3 0-1

[Event "World Rapid Women 2018"]
[Site "St Petersburg RUS"]
[Date "2018.12.26"]
[Round "4.2"]
[White "Abdumalik, Zhansaya"]
[Black "Saduakassova, Dinara"]
[Result "1/2-1/2"]
[WhiteTitle "IM"]
[BlackTitle "IM"]
[WhiteElo "2470"]
[BlackElo "2472"]
[WhiteFideId "13703544"]
[BlackFideId "13700090"]
[EventDate "2018.12.26"]

1. e4 c5 2. Nf3 e6 3. d4 cxd4 4. Nxd4 Nc6 5. Nc3 Qc7 6. Be3 a6 7. Be2 Nf6 8. O-O
Be7 9. Kh1 O-O 10. f4 d6 11. Qe1 Nxd4 12. Bxd4 b5 13. Qg3 Bb7 14. a3 Rad8 15.
Rad1 Bc6 16. Bd3 Qb7 17. Rde1 Qd7 18. Bxf6 Bxf6 19. e5 dxe5 20. fxe5 Be7 21. Ne4
Bxe4 22. Rxe4 g6 23. Ref4 Qc7 24. Re4 Rd5 25. Qf4 Bd8 26. Re3 Qe7 27. c4 bxc4
28. Bxc4 Rc5 29. Bxa6 Qg5 30. Qxg5 Bxg5 31. Re2 Rd8 32. h3 Rd2 33. b4 Rxe2 34.
Bxe2 Rxe5 35. Bf3 Be7 36. Rb1 Bh4 37. a4 Re1+ 38. Rxe1 Bxe1 39. b5 Ba5 40. Kg1
Kf8 41. Kf2 Ke7 42. Ke3 Kd6 43. Bc6 f5 44. g4 1/2-1/2

[Event "World Rapid Women 2018"]
[Site "St Petersburg RUS"]
[Date "2018.12.26"]
[Round "4.3"]
[White "Muzychuk, Anna"]
[Black "Khotenashvili, Bela"]
[Result "1-0"]
[WhiteTitle "GM"]
[BlackTitle "GM"]
[WhiteElo "2569"]
[BlackElo "2479"]
[WhiteFideId "14111330"]
[BlackFideId "13602640"]
[EventDate "2018.12.26"]

1. e4 c6 2. d4 d5 3. Nc3 dxe4 4. Nxe4 Nf6 5. Nxf6+ exf6 6. c3 Bd6 7. Bd3 O-O 8.
Qc2 Re8+ 9. Ne2 h5 10. Be3 Nd7 11. O-O-O Nf8 12. Ng3 g6 13. Ne4 f5 14. Nxd6 Qxd6
15. g3 Be6 16. c4 b5 17. d5 cxd5 18. c5 Qa6 19. b3 Rec8 20. Kb2 Qa5 21. Rhe1 b4
22. Bd4 Rc6 23. Qd2 Kh7 24. g4 hxg4 25. Qg5 Nd7 26. Qh4+ 1-0

[Event "World Rapid Women 2018"]
[Site "St Petersburg RUS"]
[Date "2018.12.26"]
[Round "4.4"]
[White "Lagno, Kateryna"]
[Black "Ambartsumova, Karina"]
[Result "1/2-1/2"]
[WhiteTitle "GM"]
[BlackTitle "WGM"]
[WhiteElo "2560"]
[BlackElo "2383"]
[WhiteFideId "14109336"]
[BlackFideId "4166299"]
[EventDate "2018.12.26"]

1. e4 e5 2. Nf3 Nc6 3. Bb5 Nf6 4. O-O Nxe4 5. Re1 Nd6 6. Nxe5 Nxe5 7. Rxe5+ Be7
8. Bf1 O-O 9. d4 Bf6 10. Re1 Re8 11. Rxe8+ Nxe8 12. d5 d6 13. Nd2 g6 14. Ne4 Bg7
15. Bg5 Qd7 16. c3 Qf5 17. Qd3 h6 18. Bd2 Bd7 19. Re1 Nf6 20. Nxf6+ Qxf6 21. Qc4
Rc8 22. h3 a6 23. Qb4 b5 24. a4 bxa4 25. Bxa6 Re8 26. Rxe8+ Bxe8 27. Qb8 Qe7 28.
Bb5 Kf8 29. Bxa4 Qe2 30. Bxe8 Qd1+ 31. Kh2 Be5+ 32. f4 Qxd2 33. Bb5+ Kg7 34.
fxe5 Qf4+ 35. Kg1 Qe3+ 36. Kf1 Qc1+ 37. Ke2 Qxb2+ 38. Kd3 Qb1+ 39. Kc4 Qa2+ 40.
Kb4 Qb2+ 41. Ka5 Qa3+ 42. Ba4 Qxc3+ 43. Qb4 Qxe5 44. Bc6 Qa1+ 45. Qa4 Qe1+ 46.
Qb4 Qa1+ 47. Ba4 Qe5 48. Qc4 h5 49. Kb4 Qb2+ 50. Bb3 Qxg2 51. Qxc7 Qe4+ 52. Bc4
Qf4 53. h4 Kh7 54. Kb5 Kg7 55. Bb3 g5 56. hxg5 h4 57. Bc2 h3 58. Qc4 Qxg5 59.
Be4 h2 60. Qe2 Qg1 61. Qf3 Kf8 62. Kc4 Ke7 63. Kd3 f6 64. Kc4 Qc5+ 65. Kd3 Qg1
66. Qh3 f5 67. Qxf5 h1=Q 68. Qe6+ Kf8 69. Qxd6+ Ke8 70. Bxh1 Qxh1 71. Qe6+ Kd8
72. Qb6+ Kd7 73. Qb7+ Kd8 74. Kc4 Qe4+ 75. Kc5 Qc2+ 76. Kd6 Qg6+ 77. Ke5 Qg5+
78. Ke4 Qe7+ 79. Qxe7+ Kxe7 80. Ke5 Kd7 81. d6 Kd8 82. Ke6 Ke8 83. d7+ Kd8 84.
Kd6 1/2-1/2

[Event "World Rapid Women 2018"]
[Site "St Petersburg RUS"]
[Date "2018.12.26"]
[Round "4.5"]
[White "Cramling, Pia"]
[Black "Dzagnidze, Nana"]
[Result "1/2-1/2"]
[WhiteTitle "GM"]
[BlackTitle "GM"]
[WhiteElo "2465"]
[BlackElo "2513"]
[WhiteFideId "1700030"]
[BlackFideId "13601903"]
[EventDate "2018.12.26"]

1. Nf3 d5 2. d4 Nf6 3. c4 dxc4 4. e3 e6 5. Bxc4 a6 6. Qe2 c5 7. dxc5 Bxc5 8. O-O
Nbd7 9. a3 b5 10. Bd3 Bb7 11. Nbd2 O-O 12. b4 Bd6 13. Bb2 Qb8 14. Rac1 Rd8 15.
Rfd1 h6 16. h3 Ne5 17. Bb1 Bc7 18. Nxe5 Bxe5 19. Nb3 Rxd1+ 20. Rxd1 Bd5 21. Nc5
a5 22. Bxe5 Qxe5 23. Qxb5 axb4 24. axb4 Rb8 25. Qa4 g5 26. Qc2 Rxb4 27. Nd3 Qe4
28. Ne1 Qxc2 1/2-1/2

[Event "World Rapid Women 2018"]
[Site "St Petersburg RUS"]
[Date "2018.12.26"]
[Round "4.6"]
[White "Javakhishvili, Lela"]
[Black "Muzychuk, Mariya"]
[Result "0-1"]
[WhiteTitle "IM"]
[BlackTitle "GM"]
[WhiteElo "2464"]
[BlackElo "2540"]
[WhiteFideId "13601458"]
[BlackFideId "14114550"]
[EventDate "2018.12.26"]

1. d4 d5 2. c4 c6 3. Nf3 Nf6 4. Qc2 dxc4 5. Qxc4 Bf5 6. g3 e6 7. Bg2 Nbd7 8. O-O
Be7 9. Qb3 Qb6 10. Nbd2 O-O 11. Nc4 Qa6 12. Re1 Be4 13. Nfe5 Bxg2 14. Kxg2 c5
15. Bg5 cxd4 16. Nxd7 Qc6+ 17. e4 dxe3+ 18. f3 Qxd7 19. Rad1 Nd5 20. Bxe7 Qxe7
21. Nxe3 Nxe3+ 22. Rxe3 Rfd8 23. Red3 Rxd3 24. Qxd3 h6 25. Qd7 Kf8 26. a3 b6 27.
h4 Qxd7 28. Rxd7 Rc8 29. Rxa7 Rc2+ 30. Kh3 Rxb2 31. h5 Rb5 32. Kh4 Ra5 33. Rb7
Rxa3 34. f4 Rb3 35. g4 Rb4 36. Kg3 f5 37. gxf5 exf5 38. Kf3 Rb3+ 39. Kg2 Kg8 40.
Rd7 Rb5 41. Rb7 Rb2+ 42. Kg3 Rb1 43. Kg2 b5 44. Rb8+ Kf7 45. Rb7+ Kg8 46. Rb8+
Kh7 47. Rb7 Rb4 48. Kg3 Rb3+ 49. Kg2 Rb2+ 50. Kg3 Rb1 51. Kg2 b4 52. Rf7 b3 53.
Rxf5 Kg8 54. Rb5 Kf7 55. Rb6 b2 56. Kh2 Ke7 57. Kg2 Kd7 58. Kh2 Kc7 59. Rb3 Kc6
60. Kg2 Kd5 61. Rb8 Ke4 62. Rb4+ Kf5 63. Rb7 Kxf4 64. Rf7+ Ke5 65. Rb7 Kf6 66.
Rb5 Rc1 67. Rxb2 Rc5 68. Rb6+ Kf7 69. Rb7+ Kg8 70. Kg3 Rxh5 71. Kg4 Rg5+ 72. Kh4
Rc5 73. Ra7 Kh7 74. Ra6 Rc4+ 75. Kg3 h5 76. Rb6 g6 77. Ra6 Kh6 78. Rb6 h4+ 79.
Kh3 Kh5 80. Rb8 Rc3+ 81. Kh2 g5 82. Ra8 Rc2+ 83. Kg1 h3 84. Ra4 g4 85. Ra8 Kh4
86. Ra3 Rc1+ 0-1

[Event "World Rapid Women 2018"]
[Site "St Petersburg RUS"]
[Date "2018.12.26"]
[Round "4.7"]
[White "Mammadova, Gulnar"]
[Black "Koneru, Humpy"]
[Result "1/2-1/2"]
[WhiteTitle "IM"]
[BlackTitle "GM"]
[WhiteElo "2368"]
[BlackElo "2541"]
[WhiteFideId "13403508"]
[BlackFideId "5008123"]
[EventDate "2018.12.26"]

1. e4 e5 2. Nf3 Nf6 3. Nxe5 d6 4. Nf3 Nxe4 5. Bd3 Nf6 6. O-O Be7 7. h3 O-O 8. c3
b6 9. Bc2 Bb7 10. d4 Nbd7 11. Re1 Re8 12. Nbd2 c5 13. Nf1 Qc7 14. Be3 Nd5 15.
Ng3 Bf8 16. Ng5 N7f6 17. Nh5 h6 18. Nxf6+ Nxf6 19. Nf3 b5 20. a4 a6 21. Nh4 Qc6
22. axb5 axb5 23. Rxa8 Bxa8 24. Nf3 c4 25. Bc1 g6 26. Rxe8 Qxe8 27. Kf1 Bd5 28.
Nd2 Qa8 29. f3 Bc6 30. Qe1 d5 31. b4 Bd6 32. Nb1 Kg7 33. Qh4 Nh5 34. Qf2 Ng3+
35. Ke1 Qd8 36. Kd1 Qf6 37. Nd2 Bd7 38. Nf1 Nh5 39. Ne3 Qe6 40. Ng4 Nf4 41. g3
Nd3 42. Bxh6+ Kh7 43. Bxd3 cxd3 44. Bg5 Be7 45. Bxe7 Qxe7 46. Ne5 Be6 47. Nxd3
Qa7 48. Qb2 g5 49. h4 gxh4 50. gxh4 Qc7 51. Ne5 Bf5 52. Qd2 f6 53. Qf4 Qc8 54.
Nf7 Qe6 55. Nd8 Qd7 56. Nb7 Bg6 57. Nc5 Qh3 58. Qc7+ Kh6 59. Qf4+ Kh7 60. Qe3
Qxh4 61. Nd7 Qh1+ 62. Kd2 Qh2+ 63. Ke1 Qh4+ 64. Qf2 Qf4 65. Nf8+ Kh6 66. Ne6
Qc1+ 67. Ke2 Qc2+ 68. Kf1 Bd3+ 69. Kg2 Qxc3 70. Qe3+ Kh7 71. Kg3 Qc2 72. Nf8+
Kg8 73. Qe7 Qd2 74. Nd7 Qg5+ 75. Kf2 Qd2+ 76. Kg3 Qg5+ 77. Kf2 Qd2+ 78. Kg3 1/2-1/2

[Event "World Rapid Women 2018"]
[Site "St Petersburg RUS"]
[Date "2018.12.26"]
[Round "4.8"]
[White "Goryachkina, Aleksandra"]
[Black "Galliamova, Alisa"]
[Result "1/2-1/2"]
[WhiteTitle "GM"]
[BlackTitle "IM"]
[WhiteElo "2518"]
[BlackElo "2444"]
[WhiteFideId "4147103"]
[BlackFideId "4129725"]
[EventDate "2018.12.26"]

1. e4 e5 2. Nf3 Nc6 3. d4 exd4 4. Nxd4 Bc5 5. Be3 Qf6 6. c3 Nge7 7. Bc4 O-O 8.
O-O b6 9. Nxc6 Qxc6 10. Bxc5 Qxc5 11. Qd4 Qh5 12. Nd2 Rd8 13. Rae1 Bb7 14. Re3
d5 15. Be2 Qh6 16. Qe5 Qd6 17. Qxd6 Rxd6 18. e5 Rdd8 19. Nb3 c5 20. Rd1 a5 21.
Bf3 a4 22. Nc1 Bc6 23. Ree1 g6 24. g3 Kg7 25. Bg2 a3 26. b3 d4 27. c4 Bxg2 28.
Kxg2 b5 29. Nd3 bxc4 30. bxc4 Ra4 31. Rc1 Rc8 32. Re2 Rc6 33. Rec2 Nc8 34. Rb1
Rb6 35. Rxb6 Nxb6 36. Nxc5 Rxc4 37. Rxc4 Nxc4 38. e6 f5 39. Kf3 Kf6 40. Ke2 Ne5
41. f4 Nc6 42. Kd3 Nb4+ 43. Kxd4 Nxa2 44. Nd3 Kxe6 45. Kc4 Kd6 46. Kb3 Kd5 47.
Kxa2 Ke4 48. Ne5 g5 49. Nf7 gxf4 50. Ng5+ Ke3 51. gxf4 Kxf4 52. Nxh7 Kg4 53.
Nf6+ 1/2-1/2

[Event "World Rapid Women 2018"]
[Site "St Petersburg RUS"]
[Date "2018.12.26"]
[Round "4.9"]
[White "Mkrtchian, Lilit"]
[Black "Stefanova, Antoaneta"]
[Result "0-1"]
[WhiteTitle "IM"]
[BlackTitle "GM"]
[WhiteElo "2392"]
[BlackElo "2486"]
[WhiteFideId "13300601"]
[BlackFideId "2902257"]
[EventDate "2018.12.26"]

1. c4 c6 2. Nf3 d5 3. g3 g6 4. Qa4 d4 5. b4 Bg7 6. d3 e5 7. Nbd2 Ne7 8. Bg2 O-O
9. O-O h6 10. Rb1 f5 11. Qc2 a5 12. a3 axb4 13. axb4 Be6 14. Bb2 Nd7 15. e3 dxe3
16. fxe3 Qc7 17. Bc3 g5 18. Kh1 Ng6 19. Ra1 Rxa1 20. Rxa1 Nf6 21. Qb2 Nh7 22.
Nb3 g4 23. Ng1 Ng5 24. Nc5 Bc8 25. Rf1 b6 26. Nb3 h5 27. b5 cxb5 28. cxb5 Bb7
29. Rc1 Bxg2+ 30. Qxg2 Qd7 31. Qc6 Qxd3 32. Bb4 Qxb3 33. Bxf8 Nxf8 34. Qc4+ Qxc4
35. Rxc4 Ne4 36. Rc6 Nd7 37. Ne2 Bf8 38. Kg2 Bc5 39. Rc7 Ndf6 0-1

[Event "World Rapid Women 2018"]
[Site "St Petersburg RUS"]
[Date "2018.12.26"]
[Round "4.10"]
[White "Skripchenko, Almira"]
[Black "Tan, Zhongyi"]
[Result "0-1"]
[WhiteTitle "IM"]
[BlackTitle "GM"]
[WhiteElo "2408"]
[BlackElo "2508"]
[WhiteFideId "13900145"]
[BlackFideId "8603642"]
[EventDate "2018.12.26"]

1. e4 d6 2. Nc3 Nf6 3. f4 g6 4. Nf3 Bg7 5. d3 c5 6. Be2 Nc6 7. O-O O-O 8. Qe1
Nd4 9. Bd1 Bg4 10. Qh4 Bxf3 11. gxf3 e6 12. Ne2 Nd7 13. Qxd8 Rfxd8 14. c3 Nxe2+
15. Bxe2 b5 16. Bd2 a5 17. a3 f5 18. Rac1 Nf6 19. b4 axb4 20. axb4 Ra2 21. Rfd1
Nh5 22. bxc5 dxc5 23. Rb1 Rxd2 24. Rxd2 Bxc3 25. Ra2 b4 26. Ra6 Nxf4 27. Bf1
Bd4+ 28. Kh1 Rd7 29. Ra8+ Kg7 30. Ra6 Kf6 31. Rb3 Bc3 32. Rb1 Nxd3 33. Rc6 Ne5
34. Rxc5 Nxf3 35. exf5 gxf5 36. Bg2 Nh4 37. Bc6 Rd2 38. Rc4 Ng6 39. Bg2 Ne5 40.
Rh4 Kg6 41. Bb7 Ng4 42. h3 Rh2+ 43. Kg1 Bd4+ 44. Kf1 Rf2+ 45. Ke1 Bc3+ 46. Kd1
Ne3+ 0-1

[Event "World Rapid Women 2018"]
[Site "St Petersburg RUS"]
[Date "2018.12.26"]
[Round "4.11"]
[White "Berend, Elvira"]
[Black "Arabidze, Meri"]
[Result "1/2-1/2"]
[WhiteTitle "WGM"]
[BlackTitle "IM"]
[WhiteElo "2332"]
[BlackElo "2387"]
[WhiteFideId "4000510"]
[BlackFideId "13604040"]
[EventDate "2018.12.26"]

1. d4 d5 2. Nf3 Nf6 3. g3 e6 4. Bg2 b5 5. O-O Be7 6. c3 O-O 7. Ne5 c5 8. Nd2 Bb7
9. e3 Nc6 10. f4 Rc8 11. Nd3 cxd4 12. exd4 b4 13. f5 bxc3 14. bxc3 Ba6 15. Nb3
Ne4 16. Bb2 Bd6 17. fxe6 fxe6 18. Rxf8+ Qxf8 19. Bxe4 dxe4 20. Ndc5 Bc4 21. Nxe4
Bd5 22. Nbd2 Na5 23. Qe2 Nc4 24. Rf1 Qe7 25. Bc1 Nxd2 26. Nxd6 Qxd6 27. Qxd2 Bb7
28. Qf4 Qxf4 29. Bxf4 Rxc3 30. Bd6 Rc8 31. Rb1 Bd5 32. Rb8 Rxb8 33. Bxb8 Bxa2 1/2-1/2

[Event "World Rapid Women 2018"]
[Site "St Petersburg RUS"]
[Date "2018.12.26"]
[Round "4.12"]
[White "Lei, Tingjie"]
[Black "Nakhbayeva, Guliskhan"]
[Result "1/2-1/2"]
[WhiteTitle "GM"]
[BlackTitle "IM"]
[WhiteElo "2453"]
[BlackElo "2371"]
[WhiteFideId "8605114"]
[BlackFideId "13704788"]
[EventDate "2018.12.26"]

1. e4 e6 2. d4 d5 3. Nc3 Bb4 4. a3 Bxc3+ 5. bxc3 dxe4 6. Qg4 Nf6 7. Qxg7 Rg8 8.
Qh6 Nbd7 9. Ne2 b6 10. Ng3 Bb7 11. a4 Rg6 12. Qd2 c5 13. a5 Qc7 14. axb6 axb6
15. Rxa8+ Bxa8 16. Be2 e3 17. Qxe3 Bxg2 18. Rg1 Be4 19. dxc5 Nxc5 20. Bb5+ Kf8
21. h4 h5 22. Qf4 Qd8 23. Qd2 Qxd2+ 24. Kxd2 Rg4 25. Be2 Rxh4 26. Ke1 Rh2 27.
Bh6+ Ke8 28. Bg5 Nh7 29. Bf4 Rg2 30. Rxg2 Bxg2 31. Nxh5 Bc6 32. Bc7 b5 33. Bd6
Ne4 34. Bb4 Nhf6 35. Nf4 Nd5 36. Nxd5 exd5 37. f3 Nf6 38. Kd2 Kd7 39. Ke3 Ke6
40. Kd4 Nd7 41. Bf1 Kf5 42. Bh3+ Kf4 43. Bg4 f6 44. Bd6+ Kg5 45. Be6 f5 46. Bxd5
Bxd5 47. Kxd5 Nb6+ 48. Kc5 Nc4 49. Bb8 Na3 50. Kb4 Nxc2+ 51. Kxb5 f4 52. Be5 Kf5
53. Bd4 Ne1 54. c4 Nxf3 55. Bf2 Ne5 56. c5 Ke6 57. Bh4 Kd5 58. Bf2 Nc6 59. Kb6
f3 60. Bg3 Nd4 61. Bf2 Nc6 1/2-1/2

[Event "World Rapid Women 2018"]
[Site "St Petersburg RUS"]
[Date "2018.12.26"]
[Round "4.14"]
[White "Paehtz, Elisabeth"]
[Black "Sukhareva, Evgeniya"]
[Result "1-0"]
[WhiteTitle "IM"]
[WhiteElo "2487"]
[BlackElo "2126"]
[WhiteFideId "4641833"]
[BlackFideId "4167155"]
[EventDate "2018.12.26"]

1. d4 Nf6 2. Nf3 e6 3. Bf4 g6 4. Nbd2 Bg7 5. c3 d6 6. e4 O-O 7. Bd3 Nc6 8. Qe2
h6 9. h3 Nh5 10. Bh2 e5 11. g4 Nf4 12. Bxf4 exf4 13. O-O-O Ne7 14. Rhg1 c5 15.
dxc5 dxc5 16. e5 Qa5 17. Kb1 b5 18. Nb3 Qc7 19. Bxb5 Rb8 20. Bc4 a5 21. Nc1 Be6
22. Rd2 Rb6 23. Rgd1 Rfb8 24. Ka1 R6b7 25. Bxe6 fxe6 26. Qc4 Nd5 27. Nd3 Rb5 28.
Nxf4 Nxf4 29. Qxf4 Rf8 30. Qc4 Rb6 31. Nh4 Qf7 32. Qe4 g5 33. Ng6 Re8 34. f4
gxf4 35. Rd7 1-0

[Event "World Rapid Women 2018"]
[Site "St Petersburg RUS"]
[Date "2018.12.26"]
[Round "4.15"]
[White "Ushenina, Anna"]
[Black "Sudakova, Irina"]
[Result "1-0"]
[WhiteTitle "GM"]
[BlackTitle "WGM"]
[WhiteElo "2440"]
[BlackElo "2313"]
[WhiteFideId "14110911"]
[BlackFideId "4129903"]
[EventDate "2018.12.26"]

1. d4 d5 2. c4 e6 3. Nc3 c6 4. e3 Nf6 5. b3 Nbd7 6. Bb2 Bd6 7. Bd3 dxc4 8. bxc4
e5 9. Nge2 Qe7 10. Ng3 Nf8 11. O-O Ng6 12. Nce4 Nxe4 13. Nxe4 Bb4 14. c5 O-O 15.
Qa4 a5 16. a3 f5 17. Nd6 Qg5 18. Qb3+ Kh8 19. Nf7+ Rxf7 20. Qxf7 Be6 21. Qxe6
Nh4 22. Be4 fxe4 23. Qh3 Nf3+ 24. Kh1 Nd2 25. axb4 Nxf1 26. Rxf1 axb4 27. dxe5
h6 28. e6 Ra2 29. Bd4 Kh7 30. Qg3 1-0

[Event "World Rapid Women 2018"]
[Site "St Petersburg RUS"]
[Date "2018.12.26"]
[Round "4.16"]
[White "Danielian, Elina"]
[Black "Styazhkina, Anna"]
[Result "1/2-1/2"]
[WhiteTitle "GM"]
[BlackTitle "WIM"]
[WhiteElo "2427"]
[BlackElo "2274"]
[WhiteFideId "13300210"]
[BlackFideId "24119300"]
[EventDate "2018.12.26"]

1. d4 d5 2. Bf4 Nf6 3. e3 c5 4. dxc5 Nc6 5. Bb5 e6 6. b4 a5 7. c3 Bd7 8. Nf3
axb4 9. Bxc6 Bxc6 10. cxb4 b6 11. Nbd2 bxc5 12. bxc5 Ba4 13. Qc1 Rc8 14. Qa3 Qa5
15. Bd6 Bxd6 16. cxd6 Qa6 17. Ne5 O-O 18. d7 Ra8 19. f3 Qa5 20. h4 Nh5 21. Nd3
Ng3 22. Rh3 Nf5 23. Nc5 Qb5 24. Nxa4 Qxa4 25. Qxa4 Rxa4 26. e4 Nd4 27. Rc1 Ra7
28. exd5 exd5 29. Nb3 Ne6 30. h5 h6 31. Rh4 Rxd7 32. Kd2 Ra8 33. a4 Rb7 34. Rc3
d4 35. Nxd4 Rxa4 36. Nxe6 Ra2+ 37. Ke3 fxe6 38. Rg4 Kf7 39. Rf4+ Ke7 40. g4 Rab2
41. Rfc4 Kf6 42. Kf4 R2b4 43. Ke4 Rxc4+ 44. Rxc4 Ra7 45. Rb4 Ra1 46. Rb8 Ra4+
47. Ke3 Rc4 48. Rf8+ Ke7 49. Ra8 Kf6 50. Rd8 Ra4 51. Rd4 Ra3+ 52. Ke4 Rb3 53.
Ra4 Rc3 54. Kf4 Rb3 55. Ra8 Rb4+ 56. Kg3 Rc4 57. f4 Rc3+ 58. Kh4 Rc4 59. Kg3
Rc3+ 60. Kh4 Rc4 61. Kg3 1/2-1/2

[Event "World Rapid Women 2018"]
[Site "St Petersburg RUS"]
[Date "2018.12.26"]
[Round "4.17"]
[White "Zhao, Xue"]
[Black "Ovod, Evgenija"]
[Result "1-0"]
[WhiteTitle "GM"]
[BlackTitle "IM"]
[WhiteElo "2485"]
[BlackElo "2367"]
[WhiteFideId "8601283"]
[BlackFideId "4131827"]
[EventDate "2018.12.26"]

1. c4 e6 2. Nf3 f5 3. Nc3 Nf6 4. d4 Bb4 5. Bd2 b6 6. g3 Bb7 7. Bg2 Bxc3 8. Bxc3
Ne4 9. Qc2 Nxc3 10. Qxc3 Be4 11. d5 O-O 12. Rd1 Qe7 13. O-O a5 14. dxe6 dxe6 15.
Ne5 Bxg2 16. Kxg2 c5 17. Rd2 Ra7 18. Rfd1 f4 19. Rd6 Qf6 20. Rxb6 fxg3 21. Qxg3
Qf5 22. Kg1 Qe4 23. Rxb8 Rxb8 24. Nc6 Rf8 25. Nxa7 Qxe2 26. Rf1 Rf3 27. Qg2 Rf6
28. Nc6 Kf7 29. f4 Rg6 30. Ne5+ 1-0

[Event "World Rapid Women 2018"]
[Site "St Petersburg RUS"]
[Date "2018.12.26"]
[Round "4.18"]
[White "Girya, Olga"]
[Black "Geller, Anastasiya"]
[Result "1-0"]
[WhiteTitle "WGM"]
[BlackTitle "WFM"]
[WhiteElo "2454"]
[BlackElo "2187"]
[WhiteFideId "4195752"]
[BlackFideId "24119059"]
[EventDate "2018.12.26"]

1. d4 d5 2. c4 e6 3. Nc3 Nf6 4. Nf3 Be7 5. Bg5 Nbd7 6. e3 O-O 7. Rc1 c5 8. dxc5
dxc4 9. c6 bxc6 10. Bxc4 h6 11. Bh4 Nd5 12. Bxe7 Qxe7 13. O-O N7b6 14. Be2 e5
15. Qc2 Re8 16. a3 a5 17. Rfd1 Bd7 18. Ne4 Bf5 19. Bd3 g6 20. Nfd2 Rac8 21. Nc4
Nxc4 22. Qxc4 Be6 23. Qc5 Rb8 24. Rd2 f5 25. Qxe7 Rxe7 26. Nc5 Bf7 27. e4 Nf4
28. Bf1 Kg7 29. g3 Ne6 30. Nxe6+ Bxe6 31. Rxc6 fxe4 32. Rc5 Reb7 33. Rxe5 Bf5
34. Rxa5 Rxb2 35. Ra7+ Kf6 36. Ra6+ Ke5 37. Ra5+ Kf6 38. Rd6+ Ke7 39. Rd4 h5 40.
h3 Rb1 41. g4 hxg4 42. hxg4 Bxg4 43. Rxe4+ Be6 44. Ra6 R8b6 45. Rxb6 Rxb6 46.
Bc4 Kf6 47. Rxe6+ Rxe6 48. Bxe6 1-0

[Event "World Rapid Women 2018"]
[Site "St Petersburg RUS"]
[Date "2018.12.26"]
[Round "4.19"]
[White "Khademalsharieh, Sarasadat"]
[Black "Makarenko, Alexandra"]
[Result "1-0"]
[WhiteTitle "IM"]
[BlackTitle "WIM"]
[WhiteElo "2470"]
[BlackElo "2228"]
[WhiteFideId "12512214"]
[BlackFideId "4165055"]
[EventDate "2018.12.26"]

1. d4 Nf6 2. c4 g6 3. g3 Bg7 4. Bg2 O-O 5. Nc3 d6 6. Nf3 Nc6 7. O-O a6 8. b3 Re8
9. Bb2 Rb8 10. d5 Na5 11. Nd4 Bd7 12. Qd2 c5 13. dxc6 Nxc6 14. Nxc6 Bxc6 15. Nd5
Nxd5 16. cxd5 Bxb2 17. Qxb2 Bd7 18. h4 Qb6 19. h5 Rec8 20. Bf3 Qd8 21. hxg6 fxg6
22. Kg2 Qf8 23. Rh1 Qg7 24. Qd2 Rc3 25. Rad1 Rbc8 26. Rh4 Rc2 27. Qb4 Bb5 28.
Qe4 Qe5 29. Rdh1 Bxe2 30. Rxh7 Bxf3+ 31. Qxf3 Qf5 32. Qxf5 gxf5 33. Rxe7 Rxa2
34. Rh4 Rc5 35. Rd4 Raa5 36. b4 Rxd5 37. Rc4 Kf8 38. Rxb7 1-0

[Event "World Rapid Women 2018"]
[Site "St Petersburg RUS"]
[Date "2018.12.26"]
[Round "4.20"]
[White "Voit, Daria"]
[Black "Paramzina, Anastasya"]
[Result "1-0"]
[WhiteTitle "FM"]
[BlackTitle "WGM"]
[WhiteElo "2358"]
[BlackElo "2229"]
[WhiteFideId "4182146"]
[BlackFideId "4165012"]
[EventDate "2018.12.26"]

1. Nf3 Nf6 2. c4 g6 3. d4 Bg7 4. Nc3 O-O 5. Bg5 d6 6. e3 Na6 7. Be2 c6 8. h3 Nc7
9. O-O Qe8 10. b4 d5 11. Bf4 Qd8 12. c5 Ne4 13. Nxe4 dxe4 14. Nd2 Nd5 15. Nxe4
Nxf4 16. exf4 Bf5 17. Ng3 Bxd4 18. Rc1 Bb2 19. Rc4 Be6 20. Rc2 Qxd1 21. Rxd1 Ba3
22. Bc4 Bxc4 23. Rxc4 a5 24. Rd7 Bxb4 25. Rxb7 e6 26. Ne4 Rab8 27. Rb6 Rfc8 28.
Nf6+ Kg7 29. Nd7 Ra8 30. Ne5 Ra7 31. Rxc6 Rxc6 32. Nxc6 Rc7 33. Nxb4 axb4 34.
Kf1 Kf6 35. Ke2 e5 36. fxe5+ Kxe5 37. c6 Kd5 38. Kd3 f5 39. f4 h6 40. h4 h5 41.
g3 Ke6 42. Rc5 Kd6 43. Kc4 Rc8 44. c7 Rxc7 45. Rxc7 Kxc7 46. Kxb4 Kb6 47. Kc4 1-0